00434nam a2200157Ia 4500003000400000005001700004008004100021040000700062041000800069082001900077100003800096245007400134260004500208300001500253365000800268OSt20230506115700.0210423s2005 xx 000 0 und d cAL aeng a574.87322 SATT aSATYANARAYANA (T);JOHRI (B N),Ed. aMicrobial diversity: current perspectives and potential applications. aNew DelhibIndian Social Institutec2005 axxiii,1133 cINR